000 00720nam a2200289Ia 4500
005 20260324113020.0
008 008 260324s9999 xx 000 0 eng d
020 _a9781003450115
037 _aEBOOK
040 _aCRL
040 _beng
040 _cCRL
041 _2eng
041 _aeng
084 _qCRL
100 _aAhmed F. El-Sayed
_9971246
245 0 _aHistory and Evolution of Aircraft
245 0 _bTechnological Advancements in Size, Speed, Armaments, and Engines
260 _bTaylor and Francis
260 _c2024
365 _a
365 _b355
856 _uhttp://www.taylorfrancis.com/books/9781003450115
942 _cEBOOK
999 _c1734497
_d1734497